Normal view
MARC view
Entry Personal Name
001 - CONTROL NUMBER
- control field: 84542
003 - CONTROL NUMBER IDENTIFIER
- control field: dpl
005 - DATE AND TIME OF LATEST TRANSACTION
- control field: 20250903112601.0
008 - FIXED-LENGTH DATA ELEMENTS
- fixed length control field: 250903|| aca||aabn | a|a d
040 ## - CATALOGING SOURCE
- Original cataloging agency: dpl
- Transcribing agency: dpl
100 ## - HEADING--PERSONAL NAME
- Personal name: Deepika Chhetri
670 ## - SOURCE DATA FOUND
- Source citation: Work cat.: (dpl)213270: Mahanta,Maini 84541, Herstory, 2025
